00998nam a22002415i 4500001000700000003000900007005001700016008004100033020001800074080004100092080004700133245012700180260006800307300003500375504002000410600006300430655004800493710004300541852002200584942000800606999001900614952012300633169061ES-MaACL20230906213959.0080805s1998 sp |||| | spa d a84-8103-191-7 a929 Pérez Galdós, Benito (064.3) a821.134.2 Pérez Galdós, Benito (064.3)00aGaldós y el 98 b: un itinerario a través del tema de España : exposición, del 13 de noviembre al 13 de diciembre. aLas Palmas de Gran Canaria : bCabildo de Gran Canaria, c1998. a109 p. : bil. col. ; c29 cm. aBibliografía.14aPérez Galdós, Benito,d1843-1920-vExposiciones990877 72tgfbne9193628aCatálogos de exposiciones1 aGran Canaria. bCabildo Insular.922644 aES-MaACLjL-29586 2udc c169061d169061 00104070aATENEOMbATENEOMcDEPO2d2008-08-05eDONl0oL-29586p1177458r2023-02-23 00:00:00w2023-02-23yMONOGRAFIA